000 00568nam a22001937a 4500
003 BUBTL
008 220419b ||||| |||| 00| 0 eng d
082 _a346/ H1801l/ 2021
100 _92362
_aHamid, Syed Sarfaraj
245 _aLaw of Contract /
_cSyed Sarfaraj Hamid
250 _a1st Edn.
260 _aBangladesh
_bAbir Publications
_cc2021
300 _a22, 601 p.:
_c22 cm.
505 _aLaw of Contract, Syed Sarfaraj Hamid, Law
650 0 _926
_aLaw
856 _k0
_l0
_yDownload
942 _2ddc
_cBK
999 _c6686
_d6686